000
00261nam a2200097Ia 4500
001
985376
005
20250826221041.0
008
250824s9999 xx 000 0 und d
245
0
_a
Hayal Geçidi-Ejderha Dövmeli Adam
_c
Hasan Bayraktar
260
_b
Kayalıpark Genç
999
_c
985376
_d
985376